000 00606nam a2200205 a 4500
008 951121s1987||||[C 0 slo c
020 _c14 Kčs.
_q(20000 výtl.)
040 _aSNK
_bslo
_cSNK
_eAACR2
041 1 _aslo
_hslo
080 _a885.4-3
100 1 _aMináč, Vladimír
_4aut
245 1 0 _aVýrobca šťastia
_cVladimír Mináč ; Ján Krížik
250 _a3., vyd.
260 _aBratislava
_bSlovenský spisovateľ
_c1987
_eNitra
_fNitrianske tlačiarne
300 _a177 s., 12,05 AH
_c20 cm
490 0 _aRetro
_vZv. 50.
700 1 _aKrížik, Ján
_4bkd
044 _axo
_cSK
958 _aA
999 _c12347
_d12347